Data science and big data analytics: discovering, analyzing, visualizing and presenting data
Gardado en:
| Autor Corporativo: | |
|---|---|
| Formato: | Libro |
| Idioma: | inglés |
| Publicado: |
Indianápolis
John Wiley and Sons, Inc
2015
|
| Edición: | 1a. ed |
| Subjects: | |
| Tags: |
Engadir etiqueta
Sen Etiquetas, Sexa o primeiro en etiquetar este rexistro!
|
MARC
| LEADER | 00000cam a2200000 a 4500 | ||
|---|---|---|---|
| 001 | UCC1414 | ||
| 003 | CL-VaPUC | ||
| 008 | 171025e20150000us |||||||||||||||||eng|d | ||
| 020 | |a 9781118876138 | ||
| 082 | 0 | 4 | |a 006.312 |b EMC |2 21 |
| 110 | 2 | |a EMC Education Services |e author |9 595494 | |
| 245 | 1 | 0 | |a Data science and big data analytics: discovering, analyzing, visualizing and presenting data |
| 250 | |a 1a. ed | ||
| 300 | |a 410 p | ||
| 942 | |c BK | ||
| 945 | |d 20171025 21:08:00 |a dcastane | ||
| 260 | |a Indianápolis |b John Wiley and Sons, Inc |c 2015 | ||
| 650 | 7 | |a MINERIA DE DATOS |2 CL-VaPUC |9 595495 | |
| 650 | 0 | |a Data mining (Minería de datos) |9 493858 | |
| 583 | |a last modification |c 20171025 21:08:00 |k Rodrigo Vera | ||
| 999 | |c 369929 |d 369927 | ||
| 952 | |0 0 |1 0 |3 erd |4 0 |6 006_312000000000000_EMC_2015 |7 0 |8 A |9 486110 |a BIBING |b BIBING |i 5432693 |o 006.312 EMC 2015 |p 5432693 |r 2025-01-20 |w 2019-11-24 |y BK |z Catalogado en:20171025 |k EII | ||